| 000 | 00399nam a22001697a 4500 | ||
|---|---|---|---|
| 005 | 20231024191657.0 | ||
| 008 | 231024b |||||||| |||| 00| 0 eng d | ||
| 082 |
_a657 _bWIL-F |
||
| 100 | _aWiliams,Jan R | ||
| 245 | _aFinancial and managerial accounting | ||
| 250 | _a13ed.ed. | ||
| 300 | _a1168 | ||
| 500 | _aInclude Index | ||
| 650 | _aaccounting | ||
| 700 | _aJan R.Williams | ||
| 999 |
_c34630 _d34630 |
||